[Event "MCR senioru 2018 nad 60 let"]
[Site "Pelclovo divadlo Rychnov nad K"]
[Date "2018.08.03"]
[Round "7"]
[White "Pavlis, Jaromir"]
[Black "Mlynek, Petr"]
[Result "0-1"]
[WhiteElo "1927"]
[BlackElo "2120"]
[PlyCount "36"]
[EventDate "2018.07.28"]

1. e4 c6 2. d4 d5 3. exd5 cxd5 4. Bd3 Nc6 5. c3 Nf6 6. Nf3 Bg4 7. h3 Bh5 8.
Nbd2 e6 9. Qa4 Bd6 10. O-O O-O 11. Re1 Qc7 12. Bb5 Rfc8 13. Bxc6 bxc6 14. Ne5
c5 15. g4 Bg6 16. Nxg6 hxg6 17. dxc5 Bxc5 18. Nb3 Qg3+ 0-1

[Event "MCR senioru 2018 nad 60 let"]
[Site "Pelclovo divadlo Rychnov nad K"]
[Date "2018.08.03"]
[Round "7"]
[White "Vlachopulos, Georgis"]
[Black "Novotny, Jaroslav"]
[Result "1-0"]
[WhiteElo "1856"]
[BlackElo "1936"]
[PlyCount "55"]
[EventDate "2018.07.28"]

1. d4 Nf6 2. Bf4 g6 3. c3 Bg7 4. Nd2 d6 5. Ngf3 O-O 6. e4 c5 7. Be2 cxd4 8.
cxd4 b6 9. O-O Bb7 10. e5 Nd5 11. Bg3 dxe5 12. dxe5 Nc6 13. Rc1 a6 14. h4 Qd7
15. Qb3 Rfd8 16. Rfd1 Qg4 17. Nc4 b5 18. Rxd5 Rxd5 19. Ne3 Nd4 20. Nxg4 Nxe2+
21. Kh2 Nxc1 22. Qe3 Rc8 23. Qb6 Ba8 24. e6 f5 25. Qxa6 Rf8 26. Ne3 f4 27. Bxf4
Rxf4 28. Qxa8+ 1-0

[Event "MCR senioru 2018 nad 60 let"]
[Site "Pelclovo divadlo Rychnov nad K"]
[Date "2018.08.03"]
[Round "7"]
[White "Hastik, Svatopluk"]
[Black "Safarik, Milan"]
[Result "0-1"]
[WhiteElo "2000"]
[BlackElo "1950"]
[PlyCount "38"]
[EventDate "2018.07.28"]

1. d4 d5 2. c4 Nc6 3. Nf3 Bg4 4. cxd5 Bxf3 5. gxf3 Qxd5 6. e3 e5 7. Nc3 Bb4 8.
Bd2 Bxc3 9. bxc3 Qd6 10. Qa4 Nge7 11. Bd3 O-O 12. Rd1 a6 13. Bc1 b5 14. Qc2 h6
15. Bb2 exd4 16. Qe2 Rae8 17. cxd4 Nd5 18. Bb1 f5 19. O-O Qg6+ 0-1

[Event "MCR senioru 2018 nad 60 let"]
[Site "Pelclovo divadlo Rychnov nad K"]
[Date "2018.08.03"]
[Round "7"]
[White "Horak, Vladimir"]
[Black "Sedlacek, Jan"]
[Result "1-0"]
[WhiteElo "1958"]
[BlackElo "1860"]
[PlyCount "117"]
[EventDate "2018.07.28"]

1. d4 Nf6 2. Nf3 e6 3. e3 c5 4. c3 d5 5. Bd3 Nc6 6. Nbd2 Bd6 7. O-O O-O 8. dxc5
Bxc5 9. e4 e5 10. exd5 Nxd5 11. Nc4 Bg4 12. h3 Bxf3 13. Qxf3 Nde7 14. b4 Bb6
15. b5 Na5 16. Nxe5 Qd5 17. Bf4 Rac8 18. c4 Qxf3 19. Nxf3 Nxc4 20. Rac1 Na5 21.
Be4 Rxc1 22. Rxc1 Rc8 23. Re1 Ng6 24. Bg3 Re8 25. h4 h5 26. Kh2 Bc5 27. Bxg6
Rxe1 28. Bxf7+ Kxf7 29. Nxe1 Nc4 30. Nd3 Bd6 31. Bxd6 Nxd6 32. a4 a6 33. bxa6
bxa6 34. Nc5 a5 35. Nb3 Nc4 36. Kg3 Nb2 37. Nc5 Kf6 38. Kf4 g6 39. f3 Nc4 40.
g3 Nb6 41. Ke4 g5 42. hxg5+ Kxg5 43. Ke5 Nc4+ 44. Kd4 Nb6 45. Ne4+ Kf5 46. Nc3
Nd7 47. Nd5 Kg5 48. Nc3 Kf5 49. Nd1 Nb6 50. Nb2 Nd7 51. Nc4 Ke6 52. Nxa5 Nb6
53. Nb3 Nxa4 54. Nc5+ Nxc5 55. Kxc5 Kf5 56. Kd5 Kf6 57. Ke4 Kg5 58. Ke5 Kg6 59.
f4 1-0

[Event "MCR senioru 2018 nad 60 let"]
[Site "Pelclovo divadlo Rychnov nad K"]
[Date "2018.08.03"]
[Round "7"]
[White "Marinov, Peter"]
[Black "Kubala, Karel"]
[Result "1-0"]
[WhiteElo "1716"]
[BlackElo "1932"]
[PlyCount "49"]
[EventDate "2018.07.28"]

1. d4 Nf6 2. e3 b6 3. f4 Bb7 4. Nf3 e6 5. Nbd2 Be7 6. Bd3 c5 7. c3 Nc6 8. O-O
O-O 9. Ne5 d6 10. Ng4 cxd4 11. exd4 e5 12. fxe5 dxe5 13. Nxf6+ Bxf6 14. Ne4 Be7
15. Qh5 g6 16. Qh6 f6 17. Rf3 Bc8 18. Rg3 Bf5 19. Bd2 Qd7 20. Rf1 Bxe4 21. Bxe4
Rf7 22. Bxg6 Bf8 23. Bxf7+ Kxf7 24. Qxf6+ Ke8 25. Qxf8# 1-0

[Event "MCR senioru 2018 nad 60 let"]
[Site "Pelclovo divadlo Rychnov nad K"]
[Date "2018.08.03"]
[Round "7"]
[White "Zboril, Jaroslav"]
[Black "Vlacil, Vladimir"]
[Result "1/2-1/2"]
[WhiteElo "1924"]
[BlackElo "2007"]
[PlyCount "23"]
[EventDate "2018.07.28"]

1. d4 Nf6 2. Nf3 d5 3. e3 e6 4. Bd3 Be7 5. O-O O-O 6. Nbd2 c5 7. c3 b6 8. Ne5
Bb7 9. f4 cxd4 10. exd4 g6 11. Qf3 Bc8 12. Qe2 1/2-1/2

[Event "MCR senioru 2018 nad 60 let"]
[Site "Pelclovo divadlo Rychnov nad K"]
[Date "2018.08.03"]
[Round "7"]
[White "Pospisil, Evzen"]
[Black "Portych, Vaclav"]
[Result "1-0"]
[WhiteElo "2043"]
[BlackElo "1893"]
[PlyCount "49"]
[EventDate "2018.07.28"]

1. d4 Nf6 2. Nf3 b6 3. g3 Bb7 4. Bg2 g6 5. c4 Bg7 6. O-O O-O 7. Nc3 d5 8. Ne5
e6 9. Qa4 Nbd7 10. Nxd7 Nxd7 11. cxd5 exd5 12. Nxd5 c5 13. e3 cxd4 14. exd4 Rc8
15. Rd1 Bc6 16. Qxa7 Bxd5 17. Bxd5 Rc7 18. Qa4 Nf6 19. Bf3 Qe7 20. Bf4 Ra7 21.
Qb3 Rd8 22. Qxb6 Nd5 23. Bxd5 Rxd5 24. Re1 Bxd4 25. Qb8+ 1-0

[Event "MCR senioru 2018 nad 60 let"]
[Site "Pelclovo divadlo Rychnov nad K"]
[Date "2018.08.03"]
[Round "7"]
[White "Sobotnik, Petr"]
[Black "Novotny, Josef"]
[Result "0-1"]
[WhiteElo "1881"]
[BlackElo "2036"]
[PlyCount "104"]
[EventDate "2018.07.28"]

1. c4 e6 2. d4 d6 3. Nc3 Nf6 4. Bg5 Be7 5. Nf3 Nc6 6. e3 Bd7 7. Rc1 h6 8. Bh4
g5 9. Bg3 g4 10. Nd2 e5 11. Nd5 exd4 12. exd4 Nxd4 13. Bd3 Nxd5 14. cxd5 Bg5
15. O-O h5 16. Re1+ Kf8 17. Rc4 h4 18. Bxd6+ cxd6 19. Rxd4 g3 20. Ne4 gxh2+ 21.
Kxh2 Bf4+ 22. Kh1 Be5 23. Rb4 b5 24. Qd2 a5 25. Rb3 b4 26. f4 Bd4 27. Bb1 Qb6
28. Rd3 Bg7 29. Ng5 Re8 30. Rxe8+ Bxe8 31. Re3 Bd4 32. Re4 Bf2 33. Qe2 Bb5 34.
Qg4 Qc7 35. Qd1 Kg7 36. Nh3 Ba7 37. Qe1 Qd8 38. Ng5 Kf8 39. Qc1 Bd7 40. Re2 Bg4
41. Rc2 Bc5 42. Rxc5 dxc5 43. Qxc5+ Kg8 44. d6 Rh6 45. Qd5 Be6 46. Qe5 h3 47.
g3 Qc8 48. Qe3 Bd5+ 49. Kh2 Qd8 50. Qd3 Qxd6 51. Qb5 Bc6 52. Qf1 Qd2+ 0-1

[Event "MCR senioru 2018 nad 60 let"]
[Site "Pelclovo divadlo Rychnov nad K"]
[Date "2018.08.03"]
[Round "7"]
[White "Drabek, Miloslav"]
[Black "Koci, Ladislav"]
[Result "1-0"]
[WhiteElo "2027"]
[BlackElo "1832"]
[PlyCount "55"]
[EventDate "2018.07.28"]

1. d4 Nf6 2. Nf3 g6 3. c4 Bg7 4. g3 d6 5. Nc3 O-O 6. Bg2 Nbd7 7. O-O c6 8. e4
Nb6 9. b3 Bg4 10. h3 Bxf3 11. Bxf3 d5 12. exd5 cxd5 13. c5 Nc8 14. Bf4 Qd7 15.
Kh2 b6 16. b4 a5 17. b5 bxc5 18. dxc5 e5 19. Bxe5 Qe7 20. Bd4 Ne4 21. Bxg7 Kxg7
22. Qd4+ Qf6 23. Qxf6+ Kxf6 24. Nxd5+ Ke5 25. Bxe4 Kxe4 26. Rad1 Na7 27. Rfe1+
Kf5 28. f4 1-0

[Event "MCR senioru 2018 nad 60 let"]
[Site "Pelclovo divadlo Rychnov nad K"]
[Date "2018.08.03"]
[Round "7"]
[White "Salac, Jiri"]
[Black "Kotyza, Bohumil"]
[Result "1/2-1/2"]
[WhiteElo "1977"]
[BlackElo "1871"]
[PlyCount "52"]
[EventDate "2018.07.28"]

1. d4 d5 2. Bf4 e6 3. e3 Bd6 4. Bg3 Nf6 5. Nd2 O-O 6. Ngf3 b6 7. Bd3 Ba6 8. c4
dxc4 9. Nxc4 h6 10. O-O Bxg3 11. hxg3 Bb7 12. Rc1 Nbd7 13. b4 Qe7 14. b5 Rfc8
15. Nce5 Nxe5 16. Nxe5 Nd7 17. Nc6 Qe8 18. Be4 Kh8 19. Qc2 Nf6 20. Bf3 Nd5 21.
Qb3 Qd7 22. Rc2 a6 23. a4 axb5 24. axb5 Bxc6 25. Rxc6 Ra5 26. Rfc1 Ne7 1/2-1/2

[Event "MCR senioru 2018 nad 60 let"]
[Site "Pelclovo divadlo Rychnov nad K"]
[Date "2018.08.03"]
[Round "7"]
[White "Tsapanidis, Vasilis"]
[Black "Mares, Petr"]
[Result "1/2-1/2"]
[WhiteElo "1836"]
[BlackElo "1904"]
[PlyCount "115"]
[EventDate "2018.07.28"]

1. e4 g6 2. d4 Bg7 3. c4 d6 4. Nc3 Nc6 5. Be3 e5 6. d5 Nce7 7. Qd2 f5 8. f3 Nf6
9. O-O-O f4 10. Bf2 g5 11. g3 Ng6 12. h4 fxg3 13. Bxg3 Nh5 14. Bf2 gxh4 15. Bh3
Bxh3 16. Nxh3 Bf6 17. Rdg1 Nhf4 18. Kb1 Nxh3 19. Rxh3 Qe7 20. Nd1 b6 21. Rh2
O-O-O 22. b4 Nf4 23. Ne3 h3 24. Rc1 Qd7 25. c5 dxc5 26. bxc5 Qb5+ 27. Ka1 Qd3
28. Qc3 Kb8 29. Nf5 Qxc3+ 30. Rxc3 Nxd5 31. exd5 Rxd5 32. Bh4 Bxh4 33. Nxh4 Rg8
34. cxb6 axb6 35. Kb2 Rg3 36. a4 Rd4 37. Nf5 Rg2+ 38. Rc2 Rf4 39. Ne7 Rxc2+ 40.
Kxc2 Rxf3 41. Nc6+ Kb7 42. Nxe5 Rg3 43. Rh1 Ka6 44. Nc4 h5 45. Kd2 Kb7 46. Ne3
Kc6 47. Rc1+ Kb7 48. Rh1 Ka6 49. Nc4 h4 50. Kc2 c6 51. Kd2 b5 52. axb5+ cxb5
53. Ne3 b4 54. Nf5 Rg2+ 55. Kd3 h2 56. Nxh4 Rf2 57. Ke3 Rc2 58. Nf3 1/2-1/2

[Event "MCR senioru 2018 nad 60 let"]
[Site "Pelclovo divadlo Rychnov nad K"]
[Date "2018.08.03"]
[Round "7"]
[White "Sedlak, Ludek"]
[Black "Sveda, Jiri"]
[Result "0-1"]
[WhiteElo "1898"]
[BlackElo "1857"]
[PlyCount "58"]
[EventDate "2018.07.28"]

1. e4 c5 2. Nf3 e6 3. d4 cxd4 4. c3 d5 5. exd5 Qxd5 6. cxd4 Nc6 7. a3 Nf6 8.
Nc3 Qd8 9. Bc4 a6 10. O-O Be7 11. Re1 O-O 12. h3 b5 13. Ba2 Bb7 14. Bf4 b4 15.
axb4 Nxb4 16. Ne5 Nxa2 17. Rxa2 Nd5 18. Bd2 Nxc3 19. Bxc3 Qd5 20. Qf3 Qb3 21.
d5 Bxd5 22. Qg3 f6 23. Ra5 fxe5 24. Re3 Bf6 25. Bxe5 Qd1+ 26. Kh2 Bxe5 27. Rxe5
Qd2 28. Raxd5 exd5 29. Re7 Qxb2 0-1

[Event "MCR senioru 2018 nad 60 let"]
[Site "Pelclovo divadlo Rychnov nad K"]
[Date "2018.08.04"]
[Round "8"]
[White "Mlynek, Petr"]
[Black "Shilov, Sergej"]
[Result "0-1"]
[WhiteElo "2120"]
[BlackElo "2199"]
[PlyCount "88"]
[EventDate "2018.07.28"]

1. d4 Nf6 2. c4 g6 3. Nf3 Bg7 4. g3 O-O 5. Bg2 c5 6. O-O cxd4 7. Nxd4 Nc6 8.
Nc3 Nxd4 9. Qxd4 d6 10. Qd3 Qa5 11. Nd5 Nxd5 12. Bxd5 Bf5 13. Be4 Be6 14. Bxb7
Rab8 15. Bd5 Bh3 16. Bd2 Qc7 17. Rfd1 Rxb2 18. Rab1 Rfb8 19. Rxb2 Rxb2 20. Rb1
Qb6 21. Be4 h5 22. Rxb2 Qxb2 23. Qc2 Qa1+ 24. Qb1 Qxb1+ 25. Bxb1 Bd4 26. e3 Bc5
27. f3 Be6 28. Bd3 d5 29. Kf2 dxc4 30. Bb1 Kf8 31. Bc3 Ke8 32. Ke2 Kd7 33. Bc2
Kd6 34. Ba4 Bd7 35. Bxd7 Kxd7 36. Bd2 Ba3 37. Kd1 Kc6 38. Kc2 Kb5 39. Bc3 Bb4
40. Bb2 Bd6 41. e4 e6 42. Bc3 h4 43. f4 h3 44. Bd4 Bc5 0-1

[Event "MCR senioru 2018 nad 60 let"]
[Site "Pelclovo divadlo Rychnov nad K"]
[Date "2018.08.04"]
[Round "8"]
[White "Safarik, Milan"]
[Black "Vlachopulos, Georgis"]
[Result "1-0"]
[WhiteElo "1950"]
[BlackElo "1856"]
[PlyCount "25"]
[EventDate "2018.07.28"]

1. e4 d6 2. d4 c6 3. Bd3 Qc7 4. Nf3 Bg4 5. Nbd2 Nd7 6. c3 Ngf6 7. Qc2 e5 8. b3
Be7 9. Bb2 O-O 10. O-O a5 11. Ba3 Rfe8 12. h3 Bh5 13. Nh2 1-0

[Event "MCR senioru 2018 nad 60 let"]
[Site "Pelclovo divadlo Rychnov nad K"]
[Date "2018.08.04"]
[Round "8"]
[White "Gibiec, Ernest"]
[Black "Marinov, Peter"]
[Result "1/2-1/2"]
[WhiteElo "2175"]
[BlackElo "1716"]
[PlyCount "93"]
[EventDate "2018.07.28"]

1. d4 d5 2. c4 e6 3. Nc3 f5 4. Nf3 c6 5. Bf4 Bd6 6. e3 Nf6 7. Ne5 O-O 8. Bd3
Ne4 9. h3 Nd7 10. Nxd7 Qxd7 11. Qc2 Qc7 12. Bxd6 Qxd6 13. O-O b6 14. Rac1 Ba6
15. b3 Bb7 16. Na4 Qe7 17. c5 b5 18. Nc3 Rf6 19. Ne2 Rh6 20. f3 Qg5 21. Kh2
Qxe3 22. f4 Nf2 23. Rxf2 Qxf2 24. Qd1 Rg6 25. Qg1 Qxg1+ 26. Nxg1 Rf6 27. a3 g6
28. Nf3 Kf7 29. Re1 h6 30. h4 Kg7 31. Kg3 a5 32. Ne5 Re8 33. Kf2 Re7 34. Rh1
Rc7 35. Re1 Kf8 36. Nf3 Re7 37. Kg3 Ke8 38. Rh1 Kd8 39. Ne5 Kc7 40. Re1 Rg7 41.
Nf3 Bc8 42. Rh1 Bd7 43. Bc2 Be8 44. Bd1 Bf7 45. Be2 Bg8 46. Bd1 Bh7 47. Be2
1/2-1/2

[Event "MCR senioru 2018 nad 60 let"]
[Site "Pelclovo divadlo Rychnov nad K"]
[Date "2018.08.04"]
[Round "8"]
[White "Marek, Jiri"]
[Black "Horak, Vladimir"]
[Result "1/2-1/2"]
[WhiteElo "1907"]
[BlackElo "1958"]
[PlyCount "78"]
[EventDate "2018.07.28"]

1. e4 e6 2. d4 d5 3. Nc3 h6 4. exd5 exd5 5. Bd3 Nf6 6. Nf3 Bb4 7. Ne5 O-O 8.
O-O Nbd7 9. Qf3 c6 10. Bf4 Bxc3 11. bxc3 Ne4 12. Bxe4 dxe4 13. Qxe4 Nxe5 14.
Qxe5 Re8 15. Qh5 Qf6 16. Be5 Qf5 17. Qxf5 Bxf5 18. Rab1 b5 19. Rb2 Be6 20. a3
Bc4 21. Rd1 f6 22. Bf4 Kf7 23. h3 a6 24. Ra1 g5 25. Bg3 Re2 26. a4 Rae8 27. f3
R8e7 28. axb5 axb5 29. Rd1 R7e3 30. Ra1 Rxc3 31. Bd6 Rcxc2 32. Rxc2 Rxc2 33.
Ra7+ Ke6 34. Bc5 Kf5 35. Re7 Re2 36. Rc7 Bd5 37. Rh7 Kg6 38. Rb7 Kf5 39. Rh7
Kg6 1/2-1/2

[Event "MCR senioru 2018 nad 60 let"]
[Site "Pelclovo divadlo Rychnov nad K"]
[Date "2018.08.04"]
[Round "8"]
[White "Novotny, Josef"]
[Black "Vagner, Ladislav"]
[Result "1-0"]
[WhiteElo "2036"]
[BlackElo "1928"]
[PlyCount "87"]
[EventDate "2018.07.28"]

1. e3 e5 2. d3 d5 3. Nf3 Bd6 4. Nc3 c6 5. g3 Nf6 6. Bg2 O-O 7. h3 Nbd7 8. a3 a5
9. g4 Nc5 10. g5 Ne8 11. h4 Bg4 12. Ne2 Ne6 13. Nh2 Bh5 14. Qd2 Bxe2 15. Qxe2
Qc7 16. Bd2 b5 17. c4 bxc4 18. dxc4 e4 19. Ng4 Nc5 20. O-O f5 21. gxf6 Nxf6 22.
Bc3 Nxg4 23. Qxg4 Be5 24. Bd4 Bxd4 25. exd4 Nd3 26. f3 e3 27. Qe6+ Kh8 28. Qxe3
Nf4 29. Rfe1 Qf7 30. Qe7 Qg6 31. Qg5 Qc2 32. Re7 Qxg2+ 33. Qxg2 Nxg2 34. Kxg2
Rf4 35. Rae1 Raf8 36. cxd5 cxd5 37. R1e5 Rxf3 38. Rxd5 Rf2+ 39. Kg3 R2f3+ 40.
Kg4 R3f4+ 41. Kh5 h6 42. Rxa5 Rxd4 43. Ra6 Kh7 44. Rxh6+ 1-0

[Event "MCR senioru 2018 nad 60 let"]
[Site "Pelclovo divadlo Rychnov nad K"]
[Date "2018.08.04"]
[Round "8"]
[White "Sveda, Jiri"]
[Black "Pospisil, Evzen"]
[Result "0-1"]
[WhiteElo "1857"]
[BlackElo "2043"]
[PlyCount "87"]
[EventDate "2018.07.28"]

1. e4 c5 2. Nf3 d6 3. c3 Nf6 4. Bc4 Nc6 5. Qe2 e6 6. Bb3 Be7 7. d3 O-O 8. O-O
b6 9. Re1 Ba6 10. Bg5 h6 11. Bh4 Nd7 12. Bxe7 Qxe7 13. Nbd2 Nde5 14. Nxe5 Nxe5
15. Bc2 Qg5 16. Rf1 Qf4 17. h3 d5 18. Rad1 dxe4 19. Nxe4 Rfd8 20. f3 Ng6 21. g3
Qc7 22. f4 Ne7 23. Kh2 Rac8 24. g4 Nd5 25. Ng3 Nxf4 26. Qe4 Ng6 27. Rde1 Bb7
28. Qe3 Rd5 29. Kg1 Re5 30. Ne4 f5 31. gxf5 exf5 32. Nf6+ gxf6 33. Qxh6 Qg7 34.
Bb3+ Kf8 35. Qxg7+ Kxg7 36. Rxe5 Nxe5 37. Be6 Rd8 38. Bxf5 Nxd3 39. Rd1 Ba6 40.
b3 c4 41. Kh2 Kf7 42. h4 Ke7 43. h5 Ne5 44. Rg1 0-1

[Event "MCR senioru 2018 nad 60 let"]
[Site "Pelclovo divadlo Rychnov nad K"]
[Date "2018.08.04"]
[Round "8"]
[White "Pavlis, Jaromir"]
[Black "Drabek, Miloslav"]
[Result "1/2-1/2"]
[WhiteElo "1927"]
[BlackElo "2027"]
[PlyCount "62"]
[EventDate "2018.07.28"]

1. d4 Nf6 2. c4 d6 3. Nc3 Nbd7 4. Nf3 e5 5. dxe5 dxe5 6. Bg5 Be7 7. e3 c6 8.
Bxf6 Bxf6 9. Be2 O-O 10. O-O Qc7 11. Qc2 Be7 12. a3 a5 13. Rfd1 Nf6 14. h3 Be6
15. Ne4 g6 16. Nxf6+ Bxf6 17. Rd2 Rfd8 18. Rad1 Rxd2 19. Rxd2 Rd8 20. Rxd8+
Qxd8 21. e4 b6 22. Qd2 Qxd2 23. Nxd2 Be7 24. Kf1 Kf8 25. Ke1 Ke8 26. Nb3 Kd8
27. Kd2 Kc7 28. f3 a4 29. Nc1 Bc5 30. Na2 Bd4 31. Nc3 Bxc3+ 1/2-1/2

[Event "MCR senioru 2018 nad 60 let"]
[Site "Pelclovo divadlo Rychnov nad K"]
[Date "2018.08.04"]
[Round "8"]
[White "Novotny, Jaroslav"]
[Black "Zboril, Jaroslav"]
[Result "1-0"]
[WhiteElo "1936"]
[BlackElo "1924"]
[PlyCount "75"]
[EventDate "2018.07.28"]

1. e4 d6 2. f4 Nf6 3. Nc3 Bg4 4. Nf3 e6 5. h3 Bxf3 6. Qxf3 c6 7. d4 d5 8. e5
Nfd7 9. Be3 g6 10. O-O-O c5 11. Ne2 Nc6 12. g4 cxd4 13. Nxd4 Nxd4 14. Bxd4 Qa5
15. Kb1 Bc5 16. c3 Bxd4 17. cxd4 O-O-O 18. f5 Qb6 19. f6 h5 20. g5 Kb8 21. h4
Rc8 22. Qe3 Rc6 23. Bd3 Qb4 24. Rc1 Rhc8 25. Rxc6 Rxc6 26. Rc1 Rxc1+ 27. Kxc1
Nb6 28. a3 Qb3 29. Qd2 Nc4 30. Qc2 Qb6 31. Bxc4 dxc4 32. Qxc4 Qa5 33. Qb4 Qc7+
34. Kd2 b6 35. Qf8+ Kb7 36. Qe7 Kc6 37. Qxc7+ Kxc7 38. d5 1-0

[Event "MCR senioru 2018 nad 60 let"]
[Site "Pelclovo divadlo Rychnov nad K"]
[Date "2018.08.04"]
[Round "8"]
[White "Vlacil, Vladimir"]
[Black "Bednar, Jiri"]
[Result "1-0"]
[WhiteElo "2007"]
[BlackElo "1888"]
[PlyCount "47"]
[EventDate "2018.07.28"]

1. e4 e6 2. d4 d5 3. Nd2 Nf6 4. Bd3 c5 5. e5 Nfd7 6. c3 Nc6 7. Ne2 cxd4 8. cxd4
f6 9. exf6 Nxf6 10. Nf3 Bd6 11. O-O O-O 12. Bg5 Qc7 13. Nc3 a6 14. Rc1 Bd7 15.
Re1 Bf4 16. Bxf4 Qxf4 17. Bb1 b5 18. Ne2 Qh6 19. Ng3 Nh5 20. Nxh5 Qxh5 21. Qd2
Rxf3 22. gxf3 Rf8 23. Rc3 Rf4 24. Qxf4 1-0

[Event "MCR senioru 2018 nad 60 let"]
[Site "Pelclovo divadlo Rychnov nad K"]
[Date "2018.08.04"]
[Round "8"]
[White "Kotyza, Bohumil"]
[Black "Hastik, Svatopluk"]
[Result "0-1"]
[WhiteElo "1871"]
[BlackElo "2000"]
[PlyCount "54"]
[EventDate "2018.07.28"]

1. d4 g6 2. Nf3 Bg7 3. Bg5 d6 4. e3 c6 5. c3 Nf6 6. Nbd2 O-O 7. Qb3 Nbd7 8. Rc1
Re8 9. Bd3 Qb6 10. O-O e5 11. dxe5 dxe5 12. Bc4 Qxb3 13. Nxb3 b5 14. Be2 a5 15.
Rfd1 a4 16. Na1 Ne4 17. Bd3 Ndc5 18. Bxe4 Nxe4 19. Bh4 Be6 20. a3 f6 21. Nc2
Bb3 22. Nd2 Nxd2 23. Rxd2 Red8 24. Rxd8+ Rxd8 25. Kf1 Rd2 26. Nb4 Rxb2 27. Nxc6
Ra2 0-1

[Event "MCR senioru 2018 nad 60 let"]
[Site "Pelclovo divadlo Rychnov nad Kneznou, Panska ulice"]
[Date "2018.08.04"]
[Round "8"]
[White "Salac, Jiri"]
[Black "Krolop, Petr"]
[Result "1-0"]
[WhiteElo "1977"]
[BlackElo "1854"]
[EventDate "2018.07.28"]
[PlyCount "113"]

1. d4 Nf6 2. g3 d6 3. Nc3 c6 4. a4 a5 5. e4 Bg4 6. Nge2 Na6 7. Bg2 e5 8. h3 Bd7
9. O-O Qc8 10. Kh2 h5 11. Rh1 h4 12. g4 Be7 13. Be3 Rg8 14. Qd2 Nc7 15. f4 exf4
16. Nxf4 g5 17. Nd3 Be6 18. Rhf1 Bc4 19. b3 Be6 20. Nd1 d5 21. e5 Nd7 22. Rc1
Nb6 23. Nc5 Bxc5 24. dxc5 Nd7 25. Bd4 Qd8 26. Nb2 Na6 27. Nd3 Qe7 28. Qxa5 Nf8
29. Rce1 Qd7 30. Bf3 Qc8 31. Ra1 Nd7 32. Qc3 Nf8 33. b4 Nc7 34. Qb2 Bd7 35. c3
Nfe6 36. Qf2 Rg7 37. Be2 Kf8 38. Be3 Kg8 39. Nc1 Qb8 40. Nb3 Na6 41. Bd4 Nac7
42. Bd3 Nf4 43. Bc2 Nce6 44. Bf5 Nf8 45. Qe3 Be6 46. Nc1 Qc8 47. Bc2 N8g6 48.
Bxg6 Rxg6 49. Ne2 Nxe2 50. Qxe2 Qd7 51. b5 Ra5 52. Rfb1 Qc7 53. bxc6 bxc6 54.
Kg1 Qd7 55. Rb4 Kh7 56. Qc2 Kh6 57. Rb6 {zápis dále neèitelný} 1-0

[Event "MCR senioru 2018 nad 60 let"]
[Site "Pelclovo divadlo Rychnov nad Kneznou, Panska ulice"]
[Date "2018.08.04"]
[Round "8"]
[White "Kubala, Karel"]
[Black "Tsapanidis, Vasilis"]
[Result "0-1"]
[WhiteElo "1932"]
[BlackElo "1836"]
[EventDate "2018.07.28"]
[PlyCount "88"]

1. d4 Nf6 2. Nf3 e6 3. g3 b6 4. Bg2 Bb7 5. O-O c5 6. c4 d5 7. Ne5 Be7 8. Nc3
O-O 9. cxd5 Nxd5 10. e4 Nxc3 11. bxc3 cxd4 12. cxd4 Nd7 13. Nxd7 Qxd7 14. Qd3
Rac8 15. Bb2 Rc7 16. Rfd1 Rfc8 17. d5 exd5 18. exd5 Bd6 19. Be4 Qe7 20. Bxh7+
Kf8 21. Qd4 f6 22. Re1 Qf7 23. Bf5 Bc5 24. Qh4 Bxd5 25. Qh8+ Qg8 26. Qxg8+ Kxg8
27. Bxc8 Rxc8 28. Re2 Bc4 29. Rc2 Be6 30. h4 Rc7 31. a4 a5 32. Ba3 Kf7 33. Bxc5
bxc5 34. Rc3 c4 35. f3 Rb7 36. Kf2 Rb4 37. Ke3 Bd7 38. Kd4 Be6 39. h5 f5 40.
Ke5 Rb2 41. Rac1 Rb4 42. Ra3 Rb2 43. f4 Rd2 44. Rac3 Rd5# 0-1

[Event "MCR senioru 2018 nad 60 let"]
[Site "Pelclovo divadlo Rychnov nad Kneznou, Panska ulice"]
[Date "2018.08.04"]
[Round "8"]
[White "Kohout, Jan"]
[Black "Sedlacek, Jan"]
[Result "0-1"]
[WhiteElo "1914"]
[BlackElo "1860"]
[EventDate "2018.07.28"]
[PlyCount "116"]

1. e4 c5 2. Nf3 d6 3. d4 cxd4 4. Nxd4 Nf6 5. Nc3 a6 6. Bg5 e6 7. f4 Qb6 8. Qd2
Qxb2 9. Rb1 Qa3 10. e5 Nfd7 11. Bc4 dxe5 12. fxe5 Be7 13. Bf4 Qa5 14. Ne4 Qxd2+
15. Kxd2 Nc5 16. Nxc5 Bxc5 17. c3 O-O 18. Nb3 Ba7 19. Be2 Nc6 20. Bf3 Bd7 21.
Rhd1 h6 22. Kc2 Rfd8 23. Nd2 Na5 24. Re1 Rab8 25. Nb3 Nc4 26. Rbd1 b5 27. Nd4
Na5 28. Nb3 Nc6 29. Rd6 Rbc8 30. Red1 Be8 31. Kb2 Rxd6 32. exd6 Bd7 33. Re1 Kf8
34. g4 g5 35. Bg3 Re8 36. h4 f6 37. hxg5 hxg5 38. Rh1 Kg7 39. Nd2 Rh8 40. Re1
Kf7 41. Ne4 e5 42. Nf2 Ke6 43. Rd1 Nd8 44. Be4 Kf7 45. Rf1 Bxf2 46. Rxf2 Kg7
47. Bf5 Bxf5 48. gxf5 Rh3 49. Bh2 Kf7 50. Rd2 g4 51. Bg1 g3 52. d7 Rh5 53. Bb6
Rh2 54. Kc2 Rxd2+ 55. Kxd2 Ke7 56. Ke3 Kxd7 57. Kf3 Nf7 58. Be3 g2 0-1

[Event "MCR senioru 2018 nad 60 let"]
[Site "Pelclovo divadlo Rychnov nad Kneznou, Panska ulice"]
[Date "2018.08.04"]
[Round "8"]
[White "Mares, Petr"]
[Black "Becvar, Miroslav"]
[Result "0-1"]
[WhiteElo "1904"]
[BlackElo "1853"]
[EventDate "2018.07.28"]
[PlyCount "80"]

1. Nf3 e6 2. g3 d5 3. Bg2 Nf6 4. d3 Be7 5. O-O O-O 6. Nbd2 b6 7. e4 dxe4 8.
dxe4 Bb7 9. Qe2 h6 10. Re1 Nbd7 11. e5 Nh7 12. Ne4 Nc5 13. Nxc5 Bxc5 14. h4 a6
15. a4 a5 16. Bf4 Qe7 17. Nd2 Bxg2 18. Kxg2 Qd7 19. Ne4 Be7 20. b3 Rfd8 21. Qg4
Kh8 22. Re2 Nf8 23. Qh5 Qe8 24. g4 Nh7 25. Rh1 Bf8 26. g5 g6 27. Qf3 h5 28. Nc3
Bc5 29. Nb5 Qe7 30. Qb7 Rac8 31. Na7 Rb8 32. Qe4 Rd4 33. Qf3 Qd7 34. Nc6 Rxf4
35. Nxb8 Qd4 36. Qe3 Qd5+ 37. f3 Bxe3 38. Rf1 Rg4+ 39. Kh3 Rg1 40. Rxg1 Qxf3+
0-1

[Event "MCR senioru 2018 nad 60 let"]
[Site "Pelclovo divadlo Rychnov nad Kneznou, Panska ulice"]
[Date "2018.08.04"]
[Round "8"]
[White "Janecek, Frantisek"]
[Black "Sedlak, Ludek"]
[Result "0-1"]
[WhiteElo "1663"]
[BlackElo "1898"]
[EventDate "2018.07.28"]
[PlyCount "40"]

1. c4 e5 2. Nc3 Nf6 3. Nf3 Nc6 4. g3 d5 5. cxd5 Nxd5 6. Bg2 Nb6 7. O-O Be7 8.
d3 O-O 9. a3 Be6 10. b4 Nd4 11. Nxd4 exd4 12. Ne4 Bd5 13. Bf4 f5 14. Nc5 Bxg2
15. Ne6 Qc8 16. Nxf8 Bxf1 17. Kxf1 Kxf8 18. Qb3 Qd7 19. Rc1 c6 20. a4 Qd5 0-1

[Event "MCR senioru 2018 nad 60 let"]
[Site "Pelclovo divadlo Rychnov nad K"]
[Date "2018.08.05"]
[Round "9"]
[White "Shilov, Sergej"]
[Black "Safarik, Milan"]
[Result "1/2-1/2"]
[WhiteElo "2199"]
[BlackElo "1950"]
[PlyCount "78"]
[EventDate "2018.07.28"]

1. e4 e5 2. Nf3 Nc6 3. Bc4 Bc5 4. b4 Bxb4 5. c3 Ba5 6. d4 Bb6 7. dxe5 Nge7 8.
O-O O-O 9. Bf4 Ng6 10. Bg3 Qe7 11. Qd5 Na5 12. Be2 Re8 13. Nbd2 Bc5 14. Nb3
Nxb3 15. axb3 d6 16. b4 Bb6 17. exd6 cxd6 18. Bb5 Qxe4 19. Qxd6 Rd8 20. Rfe1
Qf5 21. Bd3 Qf6 22. Qxf6 gxf6 23. Be2 Be6 24. Red1 Rxd1+ 25. Rxd1 Rc8 26. Rc1
Bc4 27. Kf1 a5 28. bxa5 Bxa5 29. Nd4 Ne5 30. Bxe5 fxe5 31. Bxc4 Rxc4 32. Nb5
Rc6 33. c4 Bb6 34. Ke2 f5 35. f3 Kf7 36. Kd3 h5 37. g3 Ke6 38. Ra1 Rc8 39. Nc3
Bd4 1/2-1/2